Normal view
MARC view
Entry Personal Name
001 - CONTROL NUMBER
- control field: 776538
003 - CONTROL NUMBER IDENTIFIER
- control field: OSt
005 - DATE AND TIME OF LATEST TRANSACTION
- control field: 20250508163840.0
008 - FIXED-LENGTH DATA ELEMENTS
- fixed length control field: 250508|| aca||aabn | a|a d
040 ## - CATALOGING SOURCE
- Original cataloging agency: OSt
- Transcribing agency: OSt
100 ## - HEADING--PERSONAL NAME
- Personal name: Brock- Utne Birgit
670 ## - SOURCE DATA FOUND
- Source citation: Work cat.: (OSt)1385592: Brock- Utne Birgit, Whose education for all? : The recolonization of the African mind, 2000
